Đất nước Nhật Bản

Salvato in:
Dettagli Bibliografici
Natura: Libro
Pubblicazione: 2001
Tags: Aggiungi Tag
Nessun Tag, puoi essere il primo ad aggiungerne! !
Thư viện lưu trữ: Mạng thư viện Đại học Đà Nẵng
LEADER 00419nam a22001811a 4500
001 000039527
003 15822
005 20160412022612.0
008 160412s2001 000
082 |a 4N(TK)71 
245 |a Đất nước Nhật Bản 
260 |c 2001 
OWN |a LNN 
999 |a From the UDN01 
TYP |a Monograph 
980 |a Mạng thư viện Đại học Đà Nẵng